00678nam a22002057a 450000500170000001000130001702000260003003500130005603700160006904000120008508200190009710000190011624500730013526000480020827000640025630000200032050000490034065000560038965000270044520170124110007.0 aB-167318 c450.00a9788180691775 aB-167318 bCen Lib/Ret aDPLbEN a361.30954bGAN aGangrade, K.D. aGandhian approach to development and social work /cby K.D. Gangrade aNew DelhibConcept publishing companyc2005 aA/15-16, Commercial block, Mohan Garden bNew Delhie110059 a267p.c21cm(Hb) aIncludes bibliographical reference and index aGandhi Mahatma 1869-1948 Political and social views aSocial service zIndia